BUBT Library Online Catalog

Entrepreneurship : (Record no. 6580)

000 -LEADER
fixed length control field 00639nam a22002177a 4500
003 - CONTROL NUMBER IDENTIFIER
control field BUBTL
008 - FIXED-LENGTH DATA ELEMENTS--GENERAL INFORMATION
fixed length control field 211124b ||||| |||| 00| 0 eng d
020 ## - INTERNATIONAL STANDARD BOOK NUMBER
International Standard Book Number 9789332568730
082 ## - DEWEY DECIMAL CLASSIFICATION NUMBER
Classification number 658.42/ H7422e/ 2016
100 ## - MAIN ENTRY--PERSONAL NAME
9 (RLIN) 1493
Personal name Holt, David H.
245 ## - TITLE STATEMENT
Title Entrepreneurship :
Remainder of title New Venture Creation /
Statement of responsibility, etc. David H. Holt
250 ## - EDITION STATEMENT
Edition statement 1st Edn.
260 ## - PUBLICATION, DISTRIBUTION, ETC. (IMPRINT)
Place of publication, distribution, etc. India,
Name of publisher, distributor, etc. Pearson,
Date of publication, distribution, etc. c2016
300 ## - PHYSICAL DESCRIPTION
Extent xix, 600 p.:
Dimensions 23 cm.
500 ## - GENERAL NOTE
General note Includes Index
505 ## - FORMATTED CONTENTS NOTE
Formatted contents note Entrepreneurship, David H. Holt, Management
650 #0 - SUBJECT ADDED ENTRY--TOPICAL TERM
9 (RLIN) 39
Topical term or geographic name as entry element Management
856 ## - ELECTRONIC LOCATION AND ACCESS
Password 0
Logon 0
Link text Download
942 ## - ADDED ENTRY ELEMENTS (KOHA)
Source of classification or shelving scheme
Koha item type Books
Holdings
Withdrawn status Lost status Source of classification or shelving scheme Damaged status Not for loan Collection code Permanent location Current location Shelving location Date acquired Source of acquisition Inventory number Total Checkouts Full call number Barcode Date last seen Copy number Price effective from Koha item type
          Non-fiction Bangladesh University of Business and Technology Library Bangladesh University of Business and Technology Library Management Stacks 11/16/2021 Purchase 28066   658.42/ H7422e/ 2016 BUBTL-200328066 11/24/2021 C-1 11/24/2021 Books
        Not For Loan Non-fiction Bangladesh University of Business and Technology Library Bangladesh University of Business and Technology Library Management Stacks 11/16/2021 Purchase 28067   658.42/ H7422e/ 2016 BUBTL-200328067 11/24/2021 C-2 11/24/2021 Books
          Non-fiction Bangladesh University of Business and Technology Library Bangladesh University of Business and Technology Library Management Stacks 11/16/2021 Purchase 28068   658.42/ H7422e/ 2016 BUBTL-200328068 03/29/2022 C-3 11/24/2021 Books

More Information About Library

Library Hours

  • Open: 9.00 am. to 9.00 pm.
  • Only Sunday: 9.00 am. to 6.00 pm.
  • Closed: Holiday

Contact to the University

Bangladesh University of Business and Technology Library

  • Mirpurl-2, 1216.
  • Phone:
  • Fax:
  • E-Mail: admin.library@bubt.edu.bd

Contact to the Library

Contact Person:

Md. Abdul Hakim Shah
Joint Librarian
PABX No:  113
Cell No: 01816332931
E-mail: official: admin.library@bubt.edu.bd
Personal: hakim.shah@bubt.edu.bd


BUBT Library

Copyright © 2021